عرض عادي
عرض مارك
- Sieves (Mathematics)
مدخل مصطلح موضوعي
001 - رقم الضبط
- حقل الضبط: 40929
003 - معرف رقم الضبط
- حقل الضبط: OSt
005 - تاريخ ووقت أخر عملية
- حقل الضبط: 20131212194319.0
008 - عناصر بيانات ثابتة الطول
- حقل تحكم ثابت الطول: 131212|||a|||||| | ||| d
040 ## - مصدر الفهرسة
- هيئة الفهرسة الأصلية: OSt
- وكالة الكتابة: OSt
150 ## - مدخل-- مصطلح تاريخي
- عنصر مدخل المصطلح الموضوعي او الاسم الجغرافي: Sieves (Mathematics)
670 ## - بيانات المصدر موجوده
- الاستشهاد بالمصدر: Work cat.: (OSt)0: Cojocaru, Alina. 40927, An introduction to sieve methods and their applications /, 2005.
